<?xml version="1.0" encoding="UTF-8"?>
<record
    xmlns:xsi="http://www.w3.org/2001/XMLSchema-instance"
    xsi:schemaLocation="http://www.loc.gov/MARC21/slim http://www.loc.gov/standards/marcxml/schema/MARC21slim.xsd"
    xmlns="http://www.loc.gov/MARC21/slim">

  <leader>00977nam a22001937a 4500</leader>
  <controlfield tag="005">20260129114256.0</controlfield>
  <controlfield tag="008">221207b           ||||| |||| 00| 0 eng d</controlfield>
  <datafield tag="020" ind1=" " ind2=" ">
    <subfield code="a">9780007224951</subfield>
  </datafield>
  <datafield tag="040" ind1=" " ind2=" ">
    <subfield code="c">AL</subfield>
  </datafield>
  <datafield tag="041" ind1=" " ind2=" ">
    <subfield code="a">English</subfield>
  </datafield>
  <datafield tag="082" ind1=" " ind2=" ">
    <subfield code="2">23</subfield>
    <subfield code="a">813.54</subfield>
    <subfield code="b">BENQ</subfield>
  </datafield>
  <datafield tag="100" ind1=" " ind2=" ">
    <subfield code="a">Vanora  Bennett</subfield>
    <subfield code="9">253101</subfield>
  </datafield>
  <datafield tag="245" ind1=" " ind2=" ">
    <subfield code="a">Queen of Silks</subfield>
  </datafield>
  <datafield tag="260" ind1=" " ind2=" ">
    <subfield code="a">London</subfield>
    <subfield code="b"> HarperCollins Publishers Ltd</subfield>
    <subfield code="c">2009</subfield>
  </datafield>
  <datafield tag="300" ind1=" " ind2=" ">
    <subfield code="a">448p</subfield>
    <subfield code="b">PB</subfield>
    <subfield code="c">19.7x12.7cm</subfield>
  </datafield>
  <datafield tag="520" ind1=" " ind2=" ">
    <subfield code="a">When silk merchant John Lambert marries off his two beautiful daughters, their fortunes are set to change forever. Elder daughter Jane starts a notorious liaison with Edward IV, while her sister, Isabel, as the new silkweaver to the court, becomes privy to its most intimate secrets. Could they hold the keys to power in this time of uncertainty?Vanora Bennett brings to life a time of passions and politics, a time of turmoil and tension, a world in flux and a country up for grabs.</subfield>
  </datafield>
  <datafield tag="650" ind1=" " ind2=" ">
    <subfield code="a">English Fiction</subfield>
    <subfield code="9">64868</subfield>
  </datafield>
  <datafield tag="942" ind1=" " ind2=" ">
    <subfield code="2">ddc</subfield>
    <subfield code="c">DB</subfield>
  </datafield>
  <datafield tag="999" ind1=" " ind2=" ">
    <subfield code="c">225460</subfield>
    <subfield code="d">225460</subfield>
  </datafield>
  <datafield tag="952" ind1=" " ind2=" ">
    <subfield code="0">0</subfield>
    <subfield code="1">0</subfield>
    <subfield code="2">ddc</subfield>
    <subfield code="4">0</subfield>
    <subfield code="7">0</subfield>
    <subfield code="8">ENG</subfield>
    <subfield code="a">AL</subfield>
    <subfield code="b">AL</subfield>
    <subfield code="d">2022-12-01</subfield>
    <subfield code="l">2</subfield>
    <subfield code="o">813.54 BENQ</subfield>
    <subfield code="p">D04833</subfield>
    <subfield code="r">2023-08-01 00:00:00</subfield>
    <subfield code="s">2023-07-20</subfield>
    <subfield code="w">2022-12-07</subfield>
    <subfield code="y">DB</subfield>
    <subfield code="z">Donated by Nicole Anna Joy (203580)</subfield>
  </datafield>
</record>
